00357nam a22000977a 4500008004100000082002200041245012500063260003700188300001000225710002400235230609b xxu||||| |||| 00| 0 eng d a354.62007232bGOK a Report of the Public Accounts Committee on the Government of Kenya Accounts for the Year 1986/1987cGovernment of Kenya aKenyabGovernment of Kenyac1987 a348 p bGovernment of Kenya